Physical science / (Record no. 355916)
[ view plain ]
| 000 -LEADER | |
|---|---|
| fixed length control field | 00712nam a2200253Ia 4500 |
| 008 - FIXED-LENGTH DATA ELEMENTS--GENERAL INFORMATION | |
| fixed length control field | 180207s9999 xx 000 0 und d |
| 020 ## - INTERNATIONAL STANDARD BOOK NUMBER | |
| International Standard Book Number | 9786214150670 |
| 050 ## - LIBRARY OF CONGRESS CALL NUMBER | |
| Classification number | 500.2 |
| 050 ## - LIBRARY OF CONGRESS CALL NUMBER | |
| Item number | C112 2016 |
| 100 ## - MAIN ENTRY--PERSONAL NAME | |
| Personal name | Caballes, Dennis G. |
| 245 ## - TITLE STATEMENT | |
| Title | Physical science / |
| 245 ## - TITLE STATEMENT | |
| Statement of responsibility, etc | by Dennis G. Caballes, Marissa A. Rodriguez and Andy Nestor Ryan Pazon. |
| 260 ## - PUBLICATION, DISTRIBUTION, ETC. (IMPRINT) | |
| Place of publication, distribution, etc | Manila, Philippines : |
| 260 ## - PUBLICATION, DISTRIBUTION, ETC. (IMPRINT) | |
| Name of publisher, distributor, etc | JFS Publishing Services, |
| 260 ## - PUBLICATION, DISTRIBUTION, ETC. (IMPRINT) | |
| Date of publication, distribution, etc | 2016 |
| 300 ## - PHYSICAL DESCRIPTION | |
| Extent | 255 pages : |
| 300 ## - PHYSICAL DESCRIPTION | |
| Other physical details | illustrations ; |
| 300 ## - PHYSICAL DESCRIPTION | |
| Dimensions | 27cm. |
| 650 ## - SUBJECT ADDED ENTRY--TOPICAL TERM | |
| Topical term or geographic name as entry element | Physical science -- |
| 650 ## - SUBJECT ADDED ENTRY--TOPICAL TERM | |
| Topical term or geographic name as entry element | Science -- |
| 650 ## - SUBJECT ADDED ENTRY--TOPICAL TERM | |
| General subdivision | Study and teaching (Secondary). |
| 650 ## - SUBJECT ADDED ENTRY--TOPICAL TERM | |
| General subdivision | Study and teaching (Secondary). |
| 700 ## - ADDED ENTRY--PERSONAL NAME | |
| Personal name | Title. |
| Withdrawn status | Lost status | Damaged status | Home library | Current library | Date acquired | Total Checkouts | Full call number | Barcode | Date last seen | Price effective from | Koha item type |
|---|---|---|---|---|---|---|---|---|---|---|---|
| Stonyhurst Southville International School (Malarayat) | Stonyhurst Southville International School (Malarayat) | 02/07/2018 | SHS 500.2 C112 2016 | SSISM5461 | 02/07/2018 | 02/07/2018 | Books |